| 000 | 00533cam1a220015700 4500 | ||
|---|---|---|---|
| 001 | tmp15348785 | ||
| 003 | UPRA | ||
| 005 | 20190816095432.0 | ||
| 035 | _a(Sirsi) r125104 | ||
| 050 | _aPR 2602 JOH 1973 | ||
| 008 | 950801s1973 enk deng u | ||
| 100 | 1 |
_aJohnson, Ben. _6A93326.1 |
|
| 245 | 1 | 0 |
_aEarly biographical writings of Dr. Johnson / _cwith an introduction by J.D. Fleeman. |
| 260 |
_a[Farnborough] : _bGregg International Pub., _c[1973] |
||
| 700 | 1 |
_aFleeman, J. D. (John David) _qFleeman, J. D. (John David) _6A93327.1 |
|
| 999 |
_c84379 _d84379 |
||